000 00262nam a2200109Ia 4500
008 220120s9999||||xx |||||||||||||| ||und||
082 _a629.8 JAI
100 _aJairath, A.K
245 0 _aProblems and solutions of control systems
260 _c1999
300 _b0
999 _c136609
_d136609